000 00155nam a22000857a 4500
082 _a823
100 _aNAMITA MANOHAR
245 _aMAGICAL STORIES
942 _cBK
999 _c8347
_d8347